His excellency the president, Dr. K. D. Kaunda addressing a press conference in Mulungushi hall on 13th May, 1987 (Record no. 45563)

MARC details
000 -LEADER
fixed length control field 00753nam a2200157 a 4500
008 - FIXED-LENGTH DATA ELEMENTS--GENERAL INFORMATION
fixed length control field 081126s1987 ||||||||||||||||| || u
050 ## - LIBRARY OF CONGRESS CALL NUMBER
Classification number GOV.ZAM(02)1987/2
100 ## - MAIN ENTRY--PERSONAL NAME
Personal name Kaunda, K. D
245 10 - TITLE STATEMENT
Title His excellency the president, Dr. K. D. Kaunda addressing a press conference in Mulungushi hall on 13th May, 1987
Statement of responsibility, etc. By Dr. K. D. Kaunda, President of the Republic of Zambia
260 ## - PUBLICATION, DISTRIBUTION, ETC.
Place of publication, distribution, etc. Lusaka:
Name of publisher, distributor, etc. United National Independence Party
Date of publication, distribution, etc. 1987
300 ## - PHYSICAL DESCRIPTION
Extent 29p.
350 ## - PRICE (NR) (BK AM CF MU VM SE) [OBSOLETE]
Price 0.00
650 ## - SUBJECT ADDED ENTRY--TOPICAL TERM
Topical term or geographic name entry element PRESIDENTS--ZAMBIA--ADDRESSES, ESSAYS, LECTURES
710 ## - ADDED ENTRY--CORPORATE NAME
Corporate name or jurisdiction name as entry element The Government of the Republic of Zambia
995 ## - RECOMMENDATION 995 [LOCAL, UNIMARC FRANCE]
-- 0.00
-- CBU-MAIN LIBRARY (Kitwe)
-- 1
-- 0.00
-- 1
-- AVAILABLE
-- Nov 26, 2008
-- Zambiana Collection
Holdings
Withdrawn status Lost status Source of classification or shelving scheme Damaged status Not for loan Home library Current library Shelving location Date acquired Total Checkouts Full call number Barcode Date last seen Price effective from Koha item type
          CBU-MAIN LIBRARY, KITWE. CBU-MAIN LIBRARY, KITWE.   11/30/2022   GOV.ZAM(02)1987/2 03003253 11/30/2022 11/30/2022 MONOGRAPH